000 00738nam a2200253 a 4500
008
020 _a0471612472 (hbk.)
049 _aMAIN
090 _aQC320
_bINC
100 1 _aIncropera, Frank P.
245 1 0 _aIntroduction to heat transfer /
_cFrank P. Incropera and David P. DeWitt.
250 _a2nd ed.
260 _aNew York :
_bWiley,
_cc1990.
300 _axxii, 824, [45] p. :
_bill. ;
_c25 cm.
500 _aIncludes index.
504 _aIncludes bibliographical references.
650 0 _aHeat
_xTransmission.
700 1 _aDeWitt, David P.
907 _a.b10000744
_b22-03-12
_c17-04-03
003
005 20230123133652.0
040 _cNUST
942 _cBOOKS
_kQC320
_mINC
999 _c152566
_d152566